Návrh tréningového pracoviska pre zváranie s kolaboratívnym robotom v spoločnosti ABB s.r.o.
Saved in:
| Main Author: | |
|---|---|
| Other Authors: | |
| Format: | Manuscript Book |
| Language: | Slovak |
| Published: |
2025
|
| Subjects: | |
| Online Access: | http://is.stuba.sk/zp/portal_zp.pl?podrobnosti=184005 |
| Tags: |
No Tags, Be the first to tag this record!
|
MARC
| LEADER | 00000ntm a22000003a 4500 | ||
|---|---|---|---|
| 001 | stuzp104638 | ||
| 003 | SK-STU | ||
| 005 | 20250614213226.4 | ||
| 007 | ta | ||
| 008 | 150427s2015----xo-----f-mn---000-0-slo-d | ||
| 040 | |a STU |b slo | ||
| 041 | 0 | |a slo | |
| 100 | 1 | |a Dobrovodský, Peter |u 063000 |4 aut |U MTF Materiálovotechnologická fakulta |T MTF Ústav výrobných technológií |X 112229 |U M3000 |Y 83 |7 112229 | |
| 242 | 0 | 1 | |a Design of training workplace for welding with collaborative robot in ABB s.r.o. |y eng |
| 245 | 1 | 0 | |a Návrh tréningového pracoviska pre zváranie s kolaboratívnym robotom v spoločnosti ABB s.r.o. |
| 260 | |c 2025 | ||
| 650 | 4 | |a robotic welding |2 eng | |
| 650 | 4 | |a ABB CRB 15000 GoFa |2 eng | |
| 650 | 4 | |a robotic systems safety |2 eng | |
| 650 | 4 | |a ABB RobotStudio |2 eng | |
| 650 | 4 | |a Autodesk Inventor |2 eng | |
| 650 | 4 | |a training workstation |2 eng | |
| 650 | 4 | |a collaborative robot |2 eng | |
| 650 | 4 | |a bezpečnosť robotických systémov |2 slo | |
| 650 | 4 | |a ABB RobotStudio |2 slo | |
| 650 | 4 | |a robotické zváranie |2 slo | |
| 650 | 4 | |a kolaboratívny robot |2 slo | |
| 650 | 4 | |a Autodesk Inventor |2 slo | |
| 650 | 4 | |a tréningové pracovisko |2 slo | |
| 650 | 4 | |a ABB CRB 15000 GoFa |2 slo | |
| 700 | 1 | |a Ružarovský, Roman |u 063800 |k Z1 |4 ths |U MTF Ústav výrobných technológií |T MTF Katedra výrobných zariadení a systémov |X 30883 |U M3800 |Y 660 |7 A000030883 | |
| 856 | 4 | |u http://is.stuba.sk/zp/portal_zp.pl?podrobnosti=184005 | |
| 996 | |c M* DP-15510 |l MMSKP |s P |a 0 |w stuzp104638_0001 | ||